000 00545cam a22001933a 4500
001 40118
003 PGUSA
005 20140828083908.0
008 120701s2012||||xxu|||||s|||||000 | eng d
040 _aPGUSA
_beng
042 _adc
245 1 4 _aThe Religious Tract Society Catalogue - 1889
_h[electronic resource] /
_cVarious
260 _bProject Gutenberg,
_c2012
506 _aPublic domain in the USA.
516 _aElectronic text
830 0 _aProject Gutenberg
_v40118
856 4 0 _uhttp://www.gutenberg.org/ebooks/40118
942 _cEB
999 _c269371
_d269371